Wymień kraje, które mają ponad 100 milionów ludzi - Statystyki

Ogólne statystyki
  • Ten quiz został rozwiązany 368 razy
  • Średni wynik to 11 z 14
Statystyki odpowiedzi
populacja kraj % Poprawnych
1,439,323,776 Chiny
99%
1,380,004,385 Indie
96%
331,002,651 United states of america
96%
145,934,462 Rosja
95%
212,559,417 Brazylia
89%
126,476,461 Japonia
83%
128,932,753 Meksyk
79%
206,139,589 Nigeria
75%
273,523,615 Indonezja
72%
102,334,404 Egipt
70%
220,892,340 Pakistan
68%
164,689,383 Bangladesz
57%
114,963,588 Etiopia
46%
109,581,078 Filipiny
46%
Nie znaleziono quizów pasujących do podanych kryteriów
Rozkład punktacji
Procent ludzi z każdym wynikiem
Percentyl według liczby udzielonych odpowiedzi
Twoja historia wyników
Nie rozwiązałeś tego quizu